| 000 | 00675nam a2200241Ia 4500 | ||
|---|---|---|---|
| 005 | 20260430150439.0 | ||
| 008 | 008 250103s9999 xx 000 0 eng d | ||
| 037 | _aTheses | ||
| 040 | _aCRL | ||
| 040 | _beng | ||
| 040 | _ceng | ||
| 041 | _2eng | ||
| 041 | _aeng | ||
| 084 | _qCRL | ||
| 100 |
_aShoeba Au.; Singh Sanjay Kumar Gu. _91237529 |
||
| 245 | 0 | _aEvaluation of Commodities & Stock Market: An Empirical Study of Indian Derivatives Market | |
| 260 | _c2023 | ||
| 300 | _a241p. | ||
| 650 | _aCommerce | ||
| 700 |
_aUniversity of Delhi. Faculty of Commerce and Business Studies. Deptt. of commerce _91237511 |
||
| 942 | _cTH | ||
| 999 |
_c1849801 _d1849801 |
||